Problemas elementales y ejercicios de aritmética
Gespeichert in:
| 1. Verfasser: | |
|---|---|
| Format: | Buch |
| Sprache: | Spanisch |
| Erschienen: |
Pamplona :
Imp. y Lib. de Teodoro Bescansa,
1901
|
| Katalog: | MANES: Suchergebnis im Bibliothekskatalog |
| Schulbuchspezifische Eigenschaften: |
|
| Tags: |
Tag hinzufügen
Keine Tags, Fügen Sie den ersten Tag hinzu!
|
| Hinzugefügt zu: | 09.02.2019 |
| Geändert in: | 07.05.2025 |
MARC
| LEADER | 00000cam a2200000 4500 | ||
|---|---|---|---|
| 005 | 20250507134346.0 | ||
| 008 | 190210S1901 0esp 0000 00spa0d | ||
| 040 | |a uned |b spa |c entro-manes | ||
| 041 | 0 | |a spa | |
| 100 | 1 | |a Correa, F. |9 36497 | |
| 245 | 1 | 0 | |a Problemas elementales y ejercicios de aritmética |c por F. Correa |
| 260 | |a Pamplona : |b Imp. y Lib. de Teodoro Bescansa, |c 1901 | ||
| 300 | |a 112 p. | ||
| 546 | |a España | ||
| 561 | |5 es-BUNED |3 L.T. 1494 |a España. Fondo Manes UNED |k MANES | ||
| 690 | 0 | |a MATE | |
| 942 | |2 ddc |c BK | ||
| 999 | |c 92587 |d 92587 | ||
| 999 | |c manes:92587 |d 92587 | ||